| 000 | 01303nam a2200253 4500 | ||
|---|---|---|---|
| 001 | 113525 | ||
| 003 | DR-UNIBE | ||
| 005 | 20250501105037.0 | ||
| 008 | 250501b1999 es ||||| |||| 00| 0 spa d | ||
| 020 | _a0327019972 | ||
| 040 |
_aBIBLIOTECA UNIBE _cBIBLIOTECA UNIBE _bspa _erda |
||
| 041 | _aspa | ||
| 082 |
_222 _a341.9728 G432g |
||
| 100 | 1 | 0 |
_aGiammattei Aviles, Jorge Antonio _9194789 _eautor |
| 245 | 1 | 0 |
_aGuia concentrada de la integración de Centroamérica / _cJorge Antonio Giammattei Avilés |
| 250 | _aPrimera edición | ||
| 260 |
_aSan Salvador : _b Corte Suprema de Justicia. Sección de Publicaciones, _c1999 |
||
| 300 |
_a78 páginas : _c21 x 16 cm |
||
| 505 | _aI. Fundamento constitucional | II. Integración | III. Naturaleza de la integración | IV. La comunidad centroamericana y el Sistema de la Integración Centroamericana | V. Ordenamiento jurídico del SICA | VI. Organos fundamentales del SICA | VII. Problemas, deformación y desnaturalización en el proceso e integración | Recomendaciones | Cuadros sintéticos | Bibliografía | ||
| 650 | 7 |
_2lemb _aDerecho de integración _zAmérica Central _9194795 |
|
| 650 | 7 |
_aDerecho internacional _zAmérica Central _9194796 |
|
| 700 | 1 | 0 |
_aPocasangre Posada, Martín R. _9194790 _ediseñador _eproductor |
| 942 |
_2ddc _cBK |
||
| 999 |
_c113525 _d113525 |
||